Normal view
MARC view
- Galletta, Patricia Z.
Entry Personal Name
001 - CONTROL NUMBER
- control field: 43046
003 - CONTROL NUMBER IDENTIFIER
- control field: OSt
005 - DATE AND TIME OF LATEST TRANSACTION
- control field: 20210407085523.0
008 - FIXED-LENGTH DATA ELEMENTS
- fixed length control field: 210407|| aca||aabn | a|a d
040 ## - CATALOGING SOURCE
- Original cataloging agency: OSt
- Transcribing agency: OSt
100 ## - HEADING--PERSONAL NAME
- Personal name: Galletta, Patricia Z.
670 ## - SOURCE DATA FOUND
- Source citation: Work cat.: (OSt): Galletta, Patricia Z., Tax benefits for higher education: , ©2011.
